[Event "29. Friedensfest-Open (AFRO-A)"]
[Site "Augsburg"]
[Date "2024.08.11"]
[Round "7.28"]
[White "Mittermaier, Johann"]
[Black "Hahn, Christoph"]
[Result "0-1"]
[WhiteElo "1898"]
[BlackElo "2135"]
[EventDate "2024.08.08"]
[Time "09:30:00"]
[WhiteNrv "1898"]
[BlackNrv "2135"]
[WhiteTwz "1898"]
[BlackTwz "2135"]
[WhiteFideId "16208382"]
[BlackFideId "24609854"]
[WhiteNatFedId "10144722"]
[BlackNatFedId "10072242"]
[WhiteAttr "M"]
[BlackAttr "M"]
[WhiteTeam "SV Deggendorf"]
[BlackTeam "SK Kriegshaber"]
[PlyCount "0"]

1.e4 c5 2.c3 b6 3.d4 Bb7 4.Bd3 Nf6 5.Qe2 cxd4 6.cxd4 Nc6 7.d5 Nb4 8.Bc4 
Rc8 9.a3 b5 10.axb4 Rxc4 11.Nc3 a6 12.Nf3 g6 13.O-O Bg7 14.Rd1 O-O 15.Ne5 
Rc8 16.d6 exd6 17.Rxd6 Qe7 0-1

[Event "29. Friedensfest-Open (AFRO-A)"]
[Site "Augsburg"]
[Date "2024.08.11"]
[Round "7.29"]
[White "Nitsch, Markus"]
[Black "Schwab, Matthias"]
[Result "1/2-1/2"]
[WhiteElo "1877"]
[BlackElo "2105"]
[EventDate "2024.08.08"]
[Time "09:30:00"]
[WhiteNrv "1877"]
[BlackNrv "2105"]
[WhiteTwz "1877"]
[BlackTwz "2105"]
[WhiteFideId "34681124"]
[BlackFideId "24622397"]
[WhiteNatFedId "10849719"]
[BlackNatFedId "10203034"]
[WhiteAttr "M"]
[BlackAttr "M"]
[WhiteTeam "SK Caissa Augsburg"]
[BlackTeam "SC Weisse Dame Ulm e.V."]
[PlyCount "0"]

1.d4 Nf6 2.c4 e6 3.Nf3 d5 4.g3 Ne4 5.a3 f5 6.Bg2 Be7 7.O-O Nc6 8.cxd5 exd5
9.Bf4 Bf6 10.Be5 O-O 11.e3 Be6 12.Nc3 Be7 13.Nd2 Bd6 14.Bxd6 Qxd6 15.Qc2 
a6 16.Rfd1 1/2-1/2

[Event "29. Friedensfest-Open (AFRO-A)"]
[Site "Augsburg"]
[Date "2024.08.11"]
[Round "7.30"]
[White "Herb, Stefan"]
[Black "Glasschroeder, Maximilian"]
[Result "1-0"]
[WhiteElo "2085"]
[BlackElo "1854"]
[EventDate "2024.08.08"]
[Time "09:30:00"]
[WhiteNrv "2085"]
[BlackNrv "1854"]
[WhiteTwz "2085"]
[BlackTwz "1854"]
[WhiteFideId "4627903"]
[BlackFideId "34652590"]
[WhiteNatFedId "10080993"]
[BlackNatFedId "10775164"]
[WhiteAttr "M"]
[BlackAttr "M"]
[WhiteTeam "SAbt TSV Haunstetten"]
[BlackTeam "SK Weilheim e.V."]
[PlyCount "0"]

1.Nf3 c5 2.e4 Nc6 3.Bb5 g6 4.O-O Bg7 5.c3 Nf6 6.e5 Nd5 7.d4 cxd4 8.cxd4 
O-O 9.Qb3 Nc7 10.Be2 d6 11.exd6 Qxd6 12.d5 Ne5 13.Nc3 Nxf3+ 14.Bxf3 Rd8 
15.Bg5 Qe5 16.Bh4 Rd7 17.Rfe1 Qd6 18.Rad1 Ne8 19.Bg4 f5 20.Bf3 Nf6 21.Bg3 
Qc5 22.Na4 Qa5 23.d6+ Kh8 24.Rxe7 Rxe7 25.dxe7 Bd7 26.Nc3 Re8 27.Bd6 Ng8 
28.Qxb7 Ba4 29.b4 1-0

[Event "29. Friedensfest-Open (AFRO-A)"]
[Site "Augsburg"]
[Date "2024.08.11"]
[Round "7.31"]
[White "Kelembet, Maksym"]
[Black "Vuong, Anh-Tu"]
[Result "1/2-1/2"]
[WhiteElo "1864"]
[BlackElo "2010"]
[EventDate "2024.08.08"]
[Time "09:30:00"]
[WhiteNrv "1864"]
[BlackNrv "2010"]
[WhiteTwz "1864"]
[BlackTwz "2010"]
[WhiteFideId "34684735"]
[BlackFideId "34658920"]
[WhiteNatFedId "10828571"]
[BlackNatFedId "10232351"]
[WhiteAttr "M"]
[BlackAttr "M"]
[WhiteTeam "SV Jedesheim 1921"]
[BlackTeam "TSV Landsberg 1882"]
[PlyCount "0"]

1.Nf3 Nf6 2.d4 g6 3.c4 Bg7 4.Nc3 O-O 5.Bg5 d6 6.e3 c5 7.d5 h6 8.Bh4 e6 9.
Be2 exd5 10.cxd5 a6 11.a4 Qb6 12.Qc2 Re8 13.Nd2 1/2-1/2

[Event "29. Friedensfest-Open (AFRO-A)"]
[Site "Augsburg"]
[Date "2024.08.11"]
[Round "7.32"]
[White "Kuehn, Marvin"]
[Black "Koppen, Harald"]
[Result "1/2-1/2"]
[WhiteElo "1862"]
[BlackElo "1995"]
[EventDate "2024.08.08"]
[Time "09:30:00"]
[WhiteNrv "1862"]
[BlackNrv "1995"]
[WhiteTwz "1862"]
[BlackTwz "1995"]
[WhiteFideId "16281667"]
[BlackFideId "12946982"]
[WhiteNatFedId "10709624"]
[BlackNatFedId "10271200"]
[WhiteAttr "M"]
[BlackAttr "M"]
[WhiteTeam "SK Graefelfing"]
[BlackTeam "TUS Holzkirchen"]
[PlyCount "0"]

1.e4 e5 2.Nc3 Nf6 3.f4 d5 4.fxe5 Nxe4 5.Qf3 Nxc3 6.bxc3 c5 7.Qg3 Nc6 8.Nf3
Bf5 9.Bd3 Bxd3 10.cxd3 Qd7 11.Ba3 O-O-O 12.d4 cxd4 13.Bxf8 Rdxf8 14.cxd4 
f5 15.O-O f4 16.Qg5 Rf5 17.e6 Qxe6 18.Qxg7 Rg8 19.Qxh7 Rff8 20.Rab1 Qf7 
21.Qxf7 Rxf7 22.Ne5 Rfg7 23.Rf2 1/2-1/2

[Event "29. Friedensfest-Open (AFRO-A)"]
[Site "Augsburg"]
[Date "2024.08.11"]
[Round "7.33"]
[White "Sitzler, Matthias"]
[Black "Kuhn, Hubert"]
[Result "1/2-1/2"]
[WhiteElo "1838"]
[BlackElo "1946"]
[EventDate "2024.08.08"]
[Time "09:30:00"]
[WhiteNrv "1838"]
[BlackNrv "1946"]
[WhiteTwz "1838"]
[BlackTwz "1946"]
[WhiteFideId "12981079"]
[BlackFideId "16216385"]
[BlackNatFedId "10120594"]
[WhiteAttr "M"]
[BlackAttr "M"]
[WhiteTeam "vereinslos"]
[BlackTeam "MSA Zugzwang 82 e.V."]
[PlyCount "0"]

1.d4 Nf6 2.Nf3 g6 3.Bf4 Bg7 4.Nbd2 c5 5.c3 Qb6 6.Qb3 d5 7.dxc5 Qxc5 8.e3 
Nc6 9.Be2 O-O 10.h3 Re8 11.O-O e5 12.Bh2 a6 13.a4 Qe7 14.Rfe1 Bf5 15.Qa3 
Qxa3 16.Rxa3 Bf8 17.Raa1 Rad8 1/2-1/2

[Event "29. Friedensfest-Open (AFRO-A)"]
[Site "Augsburg"]
[Date "2024.08.11"]
[Round "7.34"]
[White "Pellegrini, Noah"]
[Black "Elsinga, Brian"]
[Result "1/2-1/2"]
[WhiteElo "1919"]
[BlackElo "1811"]
[EventDate "2024.08.08"]
[Time "09:30:00"]
[WhiteNrv "1919"]
[BlackNrv "1811"]
[WhiteTwz "1919"]
[BlackTwz "1811"]
[WhiteFideId "1354094"]
[BlackFideId "1089439"]
[WhiteAttr "M"]
[BlackAttr "M"]
[WhiteTeam "?"]
[BlackTeam "?"]
[PlyCount "0"]

1.e4 c5 2.Nf3 d6 3.c3 Nf6 4.h3 Nc6 5.Bd3 e5 6.O-O Be7 7.Bc2 d5 8.d3 O-O 9.
Nbd2 d4 10.c4 Qc7 11.Kh1 Ne8 12.Ng1 f5 13.Ne2 f4 14.f3 Rf6 15.Ng1 Rh6 16.
Ba4 Bh4 17.Qe2 Nf6 18.Rd1 Be6 19.Nf1 Qd7 20.Bd2 g5 21.Nh2 Nh5 22.Nf1 Ng3+ 
23.Nxg3 Bxg3 24.Be1 Bh4 25.Bxh4 Rxh4 26.Qf2 Kh8 27.Rd2 Rg8 28.Bd1 Rg6 29.
Be2 Rgh6 30.Bf1 Ne7 31.Qe1 g4 32.fxg4 Rxg4 33.Nf3 Nc6 34.Nh2 Rg3 35.Rf2 
Re3 36.Qd2 Qg7 37.Rf3 Rg6 38.Qf2 Rg3 39.a3 a5 40.Rc1 Ne7 41.Be2 Rexf3 42.
Nxf3 Ng6 43.Rg1 Qf6 44.Nh2 Nh4 45.Nf1 Rg7 46.Bf3 1/2-1/2

[Event "29. Friedensfest-Open (AFRO-A)"]
[Site "Augsburg"]
[Date "2024.08.11"]
[Round "7.35"]
[White "Retzlaff, Nick"]
[Black "Wietschorke, Jens"]
[Result "1-0"]
[WhiteElo "1823"]
[BlackElo "1915"]
[EventDate "2024.08.08"]
[Time "09:30:00"]
[WhiteNrv "1823"]
[BlackNrv "1915"]
[WhiteTwz "1823"]
[BlackTwz "1915"]
[WhiteFideId "34610367"]
[BlackFideId "16296176"]
[WhiteNatFedId "10742725"]
[BlackNatFedId "10242290"]
[WhiteAttr "M"]
[BlackAttr "M"]
[WhiteTeam "SF 59 Kornwestheim"]
[BlackTeam "SK Caissa Augsburg"]
[PlyCount "0"]

1.e4 d5 2.exd5 Nf6 3.d4 Bg4 4.Bb5+ Nbd7 5.f3 Bf5 6.c4 e6 7.dxe6 fxe6 8.Ne2
c6 9.Ba4 e5 10.O-O Qc7 11.Nbc3 O-O-O 12.Be3 Nb6 13.b3 exd4 14.Nxd4 c5 15.
Ncb5 cxd4 16.Nxc7 dxe3 17.Qe2 Bc5 18.Nd5 Nfxd5 19.cxd5 Nxd5 20.Rac1 b6 21.
Rxc5+ bxc5 22.Bc6 Nb4 23.Qxe3 Nxc6 24.Qxc5 Bd7 25.b4 Kb7 26.Rd1 Rhe8 27.b5
Nb8 28.Qd5+ Kb6 29.Qd6+ Kb7 30.Rc1 Bxb5 31.Rc7+ Ka8 32.Qc5 1-0

[Event "29. Friedensfest-Open (AFRO-A)"]
[Site "Augsburg"]
[Date "2024.08.11"]
[Round "7.36"]
[White "Kelemen, Alexander"]
[Black "Holuba, Stefan"]
[Result "1-0"]
[WhiteElo "1914"]
[BlackElo "1692"]
[EventDate "2024.08.08"]
[Time "09:30:00"]
[WhiteNrv "1914"]
[BlackNrv "1692"]
[WhiteTwz "1914"]
[BlackTwz "1692"]
[WhiteFideId "12906700"]
[BlackFideId "34667520"]
[WhiteNatFedId "10254955"]
[BlackNatFedId "10088445"]
[WhiteAttr "M"]
[BlackAttr "M"]
[WhiteTeam "SC Weisse Dame Ulm e.V."]
[BlackTeam "SK Caissa Augsburg"]
[PlyCount "0"]

1.d4 Nf6 2.c4 g6 3.g3 d5 4.cxd5 Qxd5 5.Nf3 Bg7 6.Nc3 Qa5 7.Bg2 c6 8.O-O 
O-O 9.e4 Nbd7 10.Bf4 Nh5 11.Be3 f5 12.Qb3+ Kh8 13.Ng5 Ndf6 14.e5 Ng4 15.
Nf7+ Kg8 16.Nh6+ 1-0

[Event "29. Friedensfest-Open (AFRO-A)"]
[Site "Augsburg"]
[Date "2024.08.11"]
[Round "7.37"]
[White "Erhardt, Daniel"]
[Black "Hennig, Konrad"]
[Result "0-1"]
[WhiteElo "1807"]
[BlackElo "1912"]
[EventDate "2024.08.08"]
[Time "09:30:00"]
[WhiteNrv "1807"]
[BlackNrv "1912"]
[WhiteTwz "1807"]
[BlackTwz "1912"]
[WhiteFideId "16249429"]
[BlackFideId "34622519"]
[WhiteNatFedId "10604919"]
[BlackNatFedId "10777014"]
[WhiteAttr "M"]
[BlackAttr "M"]
[WhiteTeam "SC Ostfildern 1952 e.V."]
[BlackTeam "FC Bayern Muenchen e.V."]
[PlyCount "0"]

1.c4 e6 2.Nc3 d5 3.cxd5 exd5 4.d4 c6 5.g3 Nf6 6.Bg2 Bb4 7.Qb3 Qe7 8.Nf3 
O-O 9.e3 Ne4 10.O-O f5 11.Ne5 Be6 12.Nd3 Bd6 13.Qc2 Nd7 14.a4 Rf6 15.f3 
Nxc3 16.bxc3 Nb6 17.Ne5 Bxe5 18.dxe5 Rg6 19.e4 Qf7 20.Qf2 fxe4 21.f4 Bf5 
22.h3 h5 23.Qe2 Rxg3 24.Kh2 h4 25.Bd2 Qg6 26.Be1 Nc4 27.Rg1 Re8 28.Kh1 Re6
29.a5 Ne3 30.Ra2 Nxg2 31.Bxg3 hxg3 32.Kxg2 Qh6 0-1

[Event "29. Friedensfest-Open (AFRO-A)"]
[Site "Augsburg"]
[Date "2024.08.11"]
[Round "7.38"]
[White "Sensoy, Emir"]
[Black "Tarasenko, Oleksii"]
[Result "1/2-1/2"]
[WhiteElo "1776"]
[BlackElo "1902"]
[EventDate "2024.08.08"]
[Time "09:30:00"]
[WhiteNrv "1776"]
[BlackNrv "1902"]
[WhiteTwz "1776"]
[BlackTwz "1902"]
[WhiteFideId "34607390"]
[BlackFideId "34662316"]
[WhiteNatFedId "10730374"]
[BlackNatFedId "10873809"]
[WhiteAttr "M"]
[BlackAttr "M"]
[WhiteTeam "MSA Zugzwang 82 e.V."]
[BlackTeam "SK Ingolstadt"]
[PlyCount "0"]

1.e4 c6 2.c4 d5 3.exd5 cxd5 4.cxd5 Nf6 5.Nc3 Nxd5 6.Nf3 Nc6 7.Bb5 a6 8.Bc4
Nb6 9.Bb3 Bf5 10.O-O e6 11.a3 Bc5 12.Bc2 Bxc2 13.Qxc2 Nd4 14.Nxd4 Bxd4 15.
Ne2 Bf6 16.Qe4 Qd5 17.d3 Rd8 18.Nc3 Qd7 19.Be3 Nd5 20.Nxd5 Qxd5 21.Rab1 
Qb5 22.b4 Rxd3 23.a4 Qd5 24.Qxd5 Rxd5 25.Bc5 Kd7 26.Rfd1 Kc6 27.Rxd5 exd5 
28.f3 d4 29.Rc1 Kd5 30.Bb6 Re8 31.Rc5+ Kd6 32.Kf1 d3 33.Bc7+ Kd7 34.Bf4 
Ke6 35.Ke1 Rd8 36.Kd2 Rd4 37.Be3 Rxb4 38.a5 Rb2+ 39.Kxd3 Rxg2 40.Rc7 Rb2 
41.Bb6 Bd8 42.Rxb7 Bxb6 43.axb6 a5 44.Rb8 a4 45.b7 Kd7 46.Ra8 Rxb7 47.Rxa4
Rb6 48.Ke3 Ke6 49.Kf4 Kf6 50.Kg3 Kg6 51.Rg4+ Kf6 52.Rf4+ Ke7 53.Re4+ Re6 
54.Ra4 h5 55.Ra7+ Kf6 56.Ra4 g5 57.Ra5 Kg6 58.Rb5 Re1 59.Kf2 Re6 60.Kg3 
Re2 61.h4 1/2-1/2

[Event "29. Friedensfest-Open (AFRO-A)"]
[Site "Augsburg"]
[Date "2024.08.11"]
[Round "7.39"]
[White "Zimmer, Christian"]
[Black "Khamenya, Vitalia"]
[Result "1/2-1/2"]
[WhiteElo "1757"]
[BlackElo "1901"]
[EventDate "2024.08.08"]
[Time "09:30:00"]
[WhiteNrv "1757"]
[BlackNrv "1901"]
[WhiteTwz "1757"]
[BlackTwz "1901"]
[WhiteFideId "16274423"]
[BlackFideId "12959260"]
[WhiteNatFedId "10680572"]
[BlackNatFedId "10271198"]
[WhiteAttr "M"]
[BlackAttr "W"]
[WhiteTeam "SC Heideck-Hilpoltstein"]
[BlackTeam "SK Graefelfing"]
[PlyCount "0"]

1.e4 c5 2.Nf3 d6 3.d4 cxd4 4.Nxd4 g6 5.c4 Bg7 6.Nc3 Nf6 7.Be2 O-O 8.Be3 
Nc6 9.O-O Nxd4 10.Bxd4 Be6 11.b3 a6 12.Rc1 Rc8 13.f4 Qa5 14.Kh1 Bd7 15.e5 
dxe5 16.fxe5 Ne8 17.Nd5 Kh8 18.b4 Qa4 19.Qxa4 Bxa4 20.Nb6 Rd8 21.Bc5 Rd2 
22.Bxe7 Rg8 23.Bf3 Bc6 24.Bxc6 bxc6 25.Rxf7 Bxe5 26.a4 Nd6 27.Bf6+ Bxf6 
28.Rxf6 Rd8 29.h3 Kg7 30.Rcf1 Nf5 31.Rxc6 Ng3+ 32.Kg1 Nxf1 33.Kxf1 Rb2 34.
Nd5 Rf8+ 1/2-1/2

[Event "29. Friedensfest-Open (AFRO-A)"]
[Site "Augsburg"]
[Date "2024.08.11"]
[Round "7.40"]
[White "Rempel, Alexander"]
[Black "Stoll, Katja"]
[Result "1-0"]
[WhiteElo "1715"]
[BlackElo "1899"]
[EventDate "2024.08.08"]
[Time "09:30:00"]
[WhiteNrv "1715"]
[BlackNrv "1899"]
[WhiteTwz "1715"]
[BlackTwz "1899"]
[WhiteFideId "34618600"]
[BlackFideId "1271730"]
[WhiteNatFedId "10586418"]
[BlackNatFedId "10216731"]
[WhiteAttr "M"]
[BlackAttr "W"]
[WhiteTeam "SF Augsburg"]
[BlackTeam "SC Weisse Dame Ulm e.V."]
[PlyCount "0"]

1.e4 e5 2.Nf3 Nf6 3.Nxe5 d6 4.Nd3 Nxe4 5.Qe2 Qe7 6.Nf4 c6 7.f3 Nf6 8.d4 d5
9.Kf2 Qxe2+ 10.Bxe2 Bd6 11.Bd3 O-O 12.Nc3 b6 13.Nce2 Re8 14.Bd2 c5 15.c3 
Ba6 16.h4 Bxd3 17.Nxd3 Nc6 18.Bf4 Bxf4 19.Ndxf4 cxd4 20.cxd4 Rac8 21.g4 
Ne7 22.Rac1 Rc4 23.g5 Rxc1 24.Rxc1 Nd7 25.Rc7 Nf8 26.Rxa7 Nf5 27.Nxd5 Nxh4
28.Nxb6 Ne6 29.f4 Nf5 30.Ra8 Rxa8 31.Nxa8 Nexd4 32.Nxd4 Nxd4 33.Ke3 Ne6 
34.b4 Kf8 35.f5 Nd8 36.Ke4 Ke7 37.Kd5 h5 38.gxh6 gxh6 39.Nb6 h5 40.Nc4 Kf6
41.a4 h4 42.a5 h3 43.Ne3 Kg5 44.Nf1 Kxf5 45.a6 1-0

[Event "29. Friedensfest-Open (AFRO-A)"]
[Site "Augsburg"]
[Date "2024.08.11"]
[Round "7.41"]
[White "Latka, Richard"]
[Black "Schrimpf, Michael"]
[Result "0-1"]
[WhiteElo "1911"]
[BlackElo "1780"]
[EventDate "2024.08.08"]
[Time "09:30:00"]
[WhiteNrv "1911"]
[BlackNrv "1780"]
[WhiteTwz "1911"]
[BlackTwz "1780"]
[WhiteFideId "24690082"]
[BlackFideId "1676237"]
[WhiteNatFedId "10262408"]
[WhiteAttr "M"]
[BlackAttr "M"]
[WhiteTeam "fuss brothers Jena"]
[BlackTeam "SF Augsburg"]
[PlyCount "0"]

1.e4 c5 2.Nf3 e6 3.b4 cxb4 4.d4 Nf6 5.Bd3 Nc6 6.O-O Be7 7.c4 d5 8.e5 Ne4 
9.Re1 Ng5 10.Nxg5 Bxg5 11.Qg4 Bxc1 12.Rxc1 O-O 13.Nd2 dxc4 14.Rxc4 Nxe5 
15.Bxh7+ Kxh7 16.Qh5+ Kg8 17.Qxe5 a5 18.Rc7 Ra6 19.Rac1 Rc6 20.R1xc6 bxc6 
21.Rxc6 Bb7 22.Rd6 Qc8 23.Qxa5 Qc1+ 24.Nf1 Ra8 25.Rd8+ Rxd8 26.Qxd8+ Kh7 
27.Qh4+ Kg8 28.f3 Ba6 29.Qf2 Qb1 30.h3 g6 31.g4 Kg7 32.h4 Bc4 33.g5 Kh7 
34.Kg2 Bxf1+ 35.Qxf1 Qxa2+ 36.Kg3 b3 37.Qc4 Qc2 38.Qb4 b2 39.Qb7 Kg7 40.h5
gxh5 41.Qe7 Qg6 0-1

[Event "29. Friedensfest-Open (AFRO-A)"]
[Site "Augsburg"]
[Date "2024.08.11"]
[Round "7.42"]
[White "Boehm, Bruno"]
[Black "Medvedev, Michael"]
[Result "1/2-1/2"]
[WhiteElo "1866"]
[BlackElo "1759"]
[EventDate "2024.08.08"]
[Time "09:30:00"]
[WhiteNrv "1866"]
[BlackNrv "1759"]
[WhiteTwz "1866"]
[BlackTwz "1759"]
[WhiteFideId "4699238"]
[BlackFideId "34650792"]
[WhiteNatFedId "10019158"]
[BlackNatFedId "10691830"]
[WhiteAttr "M"]
[BlackAttr "M"]
[WhiteTeam "SK Freising"]
[BlackTeam "SK Rochade Augsburg"]
[PlyCount "0"]

1.d4 Nf6 2.c4 e6 3.Nc3 d5 4.cxd5 exd5 5.Bg5 Be7 6.e3 Bf5 7.Qb3 Nbd7 8.Nf3 
Nb6 9.Be2 O-O 10.O-O c6 11.Nh4 Bc8 12.Bd3 h6 13.Bxf6 Bxf6 14.Nf3 Re8 15.
Qc2 Bg4 16.Nd2 Rc8 17.h3 Be6 18.b4 Qd6 19.a3 Nd7 20.Nf3 Bd8 21.Ne2 g5 22.
Bf5 Bxf5 23.Qxf5 Qe6 24.Ng3 Bc7 25.Qxe6 fxe6 26.Nh5 Rf8 27.Rad1 b6 28.Ne1 
Nf6 29.Nxf6+ Rxf6 30.Nd3 Bd6 31.Rc1 h5 32.g3 h4 33.g4 Kg7 34.Rc2 Rf7 35.
Rfc1 Rfc7 36.Kg2 Kf6 37.f4 a5 38.bxa5 bxa5 39.a4 gxf4 40.exf4 Ba3 41.Ra1 
Bb4 42.Rb1 c5 43.dxc5 Bxc5 44.Rbc1 Bd6 45.Rxc7 Rxc7 46.Rxc7 Bxc7 47.Kf3 
Bd6 48.Ke3 Kg6 49.Kd4 Kf6 50.Ne5 Bxe5+ 51.fxe5+ Kg5 52.Ke3 Kh6 1/2-1/2

[Event "29. Friedensfest-Open (AFRO-A)"]
[Site "Augsburg"]
[Date "2024.08.11"]
[Round "7.43"]
[White "Kelembet, Artem"]
[Black "Sadighi, Armin"]
[Result "1-0"]
[WhiteElo "1779"]
[BlackElo "1737"]
[EventDate "2024.08.08"]
[Time "09:30:00"]
[WhiteNrv "1779"]
[BlackNrv "1737"]
[WhiteTwz "1779"]
[BlackTwz "1737"]
[WhiteFideId "34684727"]
[BlackFideId "16279956"]
[WhiteNatFedId "10828569"]
[BlackNatFedId "10806328"]
[WhiteAttr "M"]
[BlackAttr "M"]
[WhiteTeam "SV Jedesheim 1921"]
[BlackTeam "MSA Zugzwang 82 e.V."]
[PlyCount "0"]

1.Nf3 e6 2.d4 f5 3.c4 Nf6 4.Nc3 Bb4 5.Bd2 b6 6.g3 Bb7 7.Bg2 Bxc3 8.Bxc3 
Ne4 9.Qc2 O-O 10.O-O d6 11.e3 Nd7 12.Rfd1 Qe7 13.Rac1 Rac8 14.b3 Ndf6 15.
Bb2 Ng4 16.Rf1 g5 17.h3 Ngf6 18.Nxg5 Nxg5 19.Bxb7 Nxh3+ 20.Kg2 Rb8 21.Bc6 
Ng5 22.d5 e5 23.Qxf5 Nfe4 24.Qd7 Qf7 25.Qxf7+ Nxf7 26.Bd7 Nc5 27.Bf5 Ng5 
28.Bc2 e4 29.Rh1 Rf7 30.Rh5 Nf3 31.b4 Nd3 32.Bxd3 exd3 33.Rd1 Rbf8 34.Bc3 
Ne5 35.f4 Ng6 36.Rxd3 Re8 37.Bd4 Rfe7 38.Ra3 Ra8 39.Ra6 Rf7 40.a4 Ne7 41.
g4 c5 42.bxc5 dxc5 43.Bc3 Nc8 44.Rh6 Rb8 45.a5 Rbb7 46.g5 Ne7 47.axb6 Nf5 
48.Re6 axb6 49.Ra8+ Rf8 50.Rxf8+ Kxf8 51.Kf3 Nh4+ 52.Kg3 Ng6 53.Bf6 b5 54.
f5 b4 55.fxg6 hxg6 56.Rc6 b3 57.Rxc5 b2 58.Bxb2 Rxb2 59.d6 Ke8 60.Rd5 Rb6 
61.d7+ Kd8 62.c5 Rc6 63.Kf4 Re6 64.e4 1-0

[Event "29. Friedensfest-Open (AFRO-A)"]
[Site "Augsburg"]
[Date "2024.08.11"]
[Round "7.45"]
[White "Gleiser, Maximilian"]
[Black "Bilous, Danylo"]
[Result "0-1"]
[WhiteElo "1854"]
[BlackElo "1797"]
[EventDate "2024.08.08"]
[Time "09:30:00"]
[WhiteNrv "1854"]
[BlackNrv "1797"]
[WhiteTwz "1854"]
[BlackTwz "1797"]
[WhiteFideId "533001596"]
[BlackFideId "34130004"]
[BlackNatFedId "10754362"]
[WhiteAttr "M"]
[BlackAttr "M"]
[WhiteTeam "?"]
[BlackTeam "SG Buechenbach/Roth e.V."]
[PlyCount "0"]

1.e4 c5 2.Nf3 Nc6 3.d4 cxd4 4.Nxd4 g6 5.c4 Bg7 6.Be3 Nf6 7.Nc3 Ng4 8.Be2 
Nxe3 9.fxe3 O-O 10.h4 Qb6 11.Nd5 Qxb2 12.Rb1 Qa3 13.Kf2 f5 14.e5 Nxe5 15.
Rb3 Qd6 16.h5 Ng4+ 17.Kg1 e6 18.Nf4 Nxe3 19.Rxe3 Bxd4 20.Kf1 Qxf4+ 21.Rf3 
Qe5 22.hxg6 hxg6 23.Qc1 Rf7 24.Rfh3 Kf8 25.Qg5 Qf6 26.Rh8+ Ke7 27.Qd2 b6 
28.R1h3 Bb7 29.Rxa8 Bxa8 30.Rd3 e5 31.Qb4+ Bc5 32.Qa4 Qc6 33.Qxa7 Qxg2+ 
34.Ke1 Qb7 35.Qa4 Rh7 36.Rd5 d6 37.Bf3 e4 0-1

[Event "29. Friedensfest-Open (AFRO-A)"]
[Site "Augsburg"]
[Date "2024.08.11"]
[Round "7.46"]
[White "Oezkurt, Kaan"]
[Black "Ranganathan, Aadith"]
[Result "1-0"]
[WhiteElo "1701"]
[BlackElo "1666"]
[EventDate "2024.08.08"]
[Time "09:30:00"]
[WhiteNrv "1701"]
[BlackNrv "1666"]
[WhiteTwz "1701"]
[BlackTwz "1666"]
[WhiteFideId "34655182"]
[BlackFideId "34667121"]
[WhiteNatFedId "10722110"]
[BlackNatFedId "10806334"]
[WhiteAttr "M"]
[BlackAttr "M"]
[WhiteTeam "SK Freising"]
[BlackTeam "SC Unterhaching e.V."]
[PlyCount "0"]

1.e4 e5 2.Nf3 Nc6 3.Bc4 Bc5 4.b4 Bxb4 5.c3 Bc5 6.d4 exd4 7.O-O dxc3 8.
Bxf7+ Kxf7 9.Qd5+ Ke8 10.Qh5+ g6 11.Qxc5 Qe7 12.Qxc3 Qf6 13.Qa3 d6 14.Bb2 
Ne5 15.Nxe5 dxe5 16.Qg3 Qe6 17.Qxe5 Nf6 18.Qxf6 Rf8 19.Qxe6+ Bxe6 20.Nc3 
c6 21.f4 Rd8 22.g3 Rd2 23.Rf2 Rxf2 24.Kxf2 Bg4 25.Ke3 Kf7 26.Rf1 Rd8 27.
Rf2 b5 28.Rd2 Rb8 29.Ne2 b4 30.Nd4 Rc8 31.Rc2 c5 32.Nb5 Ke7 33.Nxa7 Ra8 
34.Nc6+ Kd6 35.Ne5 Be6 36.Nd3 Ra5 37.Be5+ Ke7 38.Nxc5 Bxa2 39.Rb2 b3 40.
Kd4 Rb5 41.Kc4 Rb6 42.Nxb3 Bxb3+ 43.Rxb3 Rc6+ 44.Kd5 Rc2 45.Rb7+ Ke8 46.
Ke6 Rc6+ 47.Bd6 Rxd6+ 48.Kxd6 Kf8 49.e5 Kg8 50.e6 Kf8 51.e7+ Kg8 52.e8=Q# 
1-0